| 000 | 01531 a2200253 4500 | ||
|---|---|---|---|
| 003 | Nust | ||
| 005 | 20230316123707.0 | ||
| 010 | _a 84000599 | ||
| 020 | _a0861241959 | ||
| 040 | _cNust | ||
| 082 | 0 | 0 | _a355.0092, BRA |
| 245 | 1 | 0 |
_aStrategy & tactics of the great generals and their battles / _cforeword by Omar Bradley ; edited by Peter Young. |
| 260 |
_aNew York : _bMilitary Press : _bdistributed by Crown, _cc1984. |
||
| 300 |
_a256 p. : _bill. (some col.), maps ; _c31 cm. |
||
| 505 | _aIntroduction (Page-6), Napoleon At Austerlitz 1805 (Page-10), Wellington At Waterloo 1815 (Page-24), Lee At Chancellorsville 1863 (Page-44), Grant At Vicksburg 1863 (Page-56), Meade At Gettysburg 1863 (Page-70), Von Moltke At Sedan 1870 (Page-86), Hindenburge At Tannenberg 1914 (Page-104), Joffre At The Marne 1914 (Page-120), Petain At Verdun 1916 (Page-134), Haig And The Black Day 1918 (Page-148), Guerian At The Meuse 1940 (Page-164), Rommel At Tobruk 1942 (Page-176), Montgomery At Alamein 1942 (Page-192), Patton At The Bulge 1944 (Page-206), Zhukov At Berlin 1945 (Page-222), Macarthur At Inchon 1950 (Page-238). | ||
| 650 | 0 |
_aBattles _xHistory _y19th century. _9110420 |
|
| 650 | 0 |
_aBattles _xHistory _y20th century. _9110421 |
|
| 650 | 0 |
_aGenerals _xBiography. _949593 |
|
| 650 | 0 |
_aStrategy _xHistory _y19th century. _9110422 |
|
| 650 | 0 |
_aStrategy _xHistory _y20th century. _9110423 |
|
| 700 | 1 |
_aYoung, Peter, _d1915-1988. _9110424 |
|
| 740 | 0 | _aStrategy and tactics of the great generals and their battles. | |
| 942 |
_2ddc _cBK |
||
| 999 |
_c185062 _d185062 |
||